Piet Mondrian 1872-1944 (Record no. 933)

MARC details
000 -LEADER
campo de control de longitud fija 00933nam a22002297a 4500
008 - DATOS DE LONGITUD FIJA--INFORMACIÓN GENERAL
campo de control de longitud fija 160601b xxu||||| |||| 00| 0 eng d
020 ## - NÚMERO INTERNACIONAL ESTÁNDAR DEL LIBRO
Número Internacional Estándar del Libro 8878135283
020 ## - NÚMERO INTERNACIONAL ESTÁNDAR DEL LIBRO
Número Internacional Estándar del Libro 9788878135284
082 ## - NÚMERO DE LA CLASIFICACIÓN DECIMAL DEWEY
Número de clasificación 759.949.2
Número de ítem M741p
100 ## - ENTRADA PRINCIPAL--NOMBRE DE PERSONA
Nombre de persona Piet Mondrian; Yve Alain Bois
9 (RLIN) 5120
245 ## - MENCIÓN DEL TÍTULO
Título Piet Mondrian 1872-1944
Mención de responsabilidad, etc. Piet Mondrian; Yve Alain Bois
260 ## - PUBLICACIÓN, DISTRIBUCIÓN, ETC.
Lugar de publicación, distribución, etc. Bern, Alemania
Nombre del editor, distribuidor, etc. Benteli Verl
Fecha de publicación, distribución, etc. 1995.
300 ## - DESCRIPCIÓN FÍSICA
Extensión 408 pag
Otras características físicas ill.
Dimensiones 31 cm
505 ## - NOTA DE CONTENIDO CON FORMATO
Título Bruikleengevers
-- Voorwoord
-- Dankwoord
-- inleiding
-- Chronologie
Mención de responsabilidad Joop Joosten en Angelica Zander Rudenstine
Título Catalogus
Mención de responsabilidad Joop Joosten en Angelica Zander Rudenstine
Título De Beeldenstormer
Mención de responsabilidad Yve-Alain Bois
Título In de leer bij de ervaring
Mención de responsabilidad Hans Janssen
Título Tentoonstellingen
-- Literatuur
650 ## - PUNTO DE ACCESO ADICIONAL DE MATERIA--TÉRMINO DE MATERIA
Término de materia o nombre geográfico como elemento de entrada Pintura
9 (RLIN) 4664
653 ## - TÉRMINO DE INDIZACIÓN--NO CONTROLADO
Término no controlado Pintura-Holanda
653 ## - TÉRMINO DE INDIZACIÓN--NO CONTROLADO
Término no controlado Arte Moderno
653 ## - TÉRMINO DE INDIZACIÓN--NO CONTROLADO
Término no controlado Pintores Holandeses
653 ## - TÉRMINO DE INDIZACIÓN--NO CONTROLADO
Término no controlado Piet Mondrian 1872-1944
700 ## - ENTRADA AGREGADA--NOMBRE PERSONAL
Nombre de persona Piet Mondrian
9 (RLIN) 5121
700 ## - ENTRADA AGREGADA--NOMBRE PERSONAL
Nombre de persona Yve Alain Bois
9 (RLIN) 5122
Holdings
Estatus retirado Estado de pérdida Fuente del sistema de clasificación o colocación Estado de daño No para préstamo Biblioteca de origen Biblioteca actual Ubicación en estantería Fecha de adquisición Total de préstamos Signatura topográfica completa Código de barras Visto por última vez Precio de reemplazo Tipo de ítem Koha
    Clasificación Decimal Dewey     Biblioteca LadoV Biblioteca LadoV   01/06/2016   759.949.2 M741p 001070 01/06/2016 01/06/2016 Material 01